Obscure Languages by Script - Statistics

General Stats
  • This quiz has been taken 93 times
  • The average score is 10 of 20
Answer Stats
Hint Answer % Correct
Hetta er ein sýnissetningur. Faroese
73%
ХӀара масала дешнийн цхьаьнакхетар ду. Chechen
71%
Tamanna oqaaseqatigiit assersuutigaat. Greenlandic
69%
འདི་དཔེ་ཚད་ཀྱི་ཚིག་ཕྲད་ཨིན། Dzongkha
61%
እዚ ናሙና ሓረግ እዩ። Tigrinya
61%
এইটো এটা নমুনা বাক্যাংশ। Assamese
59%
މިއީ ނަމޫނާ ޢިބާރާތެކެވެ. Dhivehi
59%
ई एगो नमूना मुहावरा ह। Bhojpuri
55%
මෙය ආදර්ශ වාක්‍යයකි. Sinhala
53%
Ko ha sīpinga sētesi ʻeni. Tongan
51%
Ni se neskayotl tlen tlajtoli. Nahuatl
49%
ᎯᎠ ᎾᏍᎩ ᏓᏟᎶᏍᏛ ᏗᏓᏟᎶᏍᏙᏗ ᎨᏒᎢ. Cherokee
47%
بۇ بىر ئۈلگە جۈملە. Uyghur
47%
Kini usa ka sampol nga hugpong sa mga pulong. Cebuano
43%
Kayqa huk ejemplo rimaymi. Quechua
37%
Tagi d tafyirt n lemtel. Tamazight
35%
Nke a bụ ahịrịokwu atụ. Igbo
33%
ଏହା ଏକ ନମୁନା ବାକ୍ୟାଂଶ। Odia
31%
Nov yog kab lus piv txwv. Hmong
22%
ߣߌ߲ ߦߋ߫ ߞߎߡߊߘߋ߲ ߡߌ߬ߛߊ߰ߟߌ ߦߋ߫. NKo
20%
No matching quizzes found
Score Distribution
Percent of People with Each Score
Percentile by Number Answered
Your Score History
You have not taken this quiz